000 00544nam a2200217Ia 4500
003 OSt
005 20220926045317.0
006 a|||||r|||| 00| 0
007 ta
008 220923b |||||||| |||| 00| 0 eng d
037 _cGeneral Book
040 _aRTL
_cRTL
_beng
041 _2eng
_aeng
082 _aY773(P15).72.N7, L3
100 _aNagler Mark
_9350051
245 0 _aIndians in the City
250 _a2
260 _c1973
942 _hY773(P15).72.N7, L3
_cGB
_2CC
999 _c677252
_d677252